Ανάπτυξη ειδικής μεθοδολογίας PCR υψηλής ευαισθησίας και χαμηλού κόστους για την ανίχνευση του παθογόνου στελέχους O157:H7 (O157) της Escherichia coli σε τρόφιμα ευρείας κατανάλωσης : πτυχιακή εργασία

Από όλους τους παρασιτικούς μικροοργανισμούς που υπάρχουν στην φύση, είναι μερικά είδη που μπορούν να προκαλέσουν σοβαρές βλάβες. Ένα από τα αυτά είναι και το στέλεχος O157:H7 του βακτηρίου Escherichia coli. Το συγκεκριμένο στέλεχος είναι πάρα πολύ επικίνδυνο, διότι παράγει τοξίνες που μπορούν να πρ...

Πλήρης περιγραφή

Αποθηκεύτηκε σε:
Λεπτομέρειες βιβλιογραφικής εγγραφής
Κύριος συγγραφέας: Καρμίρη, Ναταλία
Συγγραφή απο Οργανισμό/Αρχή: Πανεπιστήμιο Αιγαίου. Σχολή Περιβάλλοντος. Τμήμα Επιστήμης Τροφίμων και Διατροφής
Μορφή: Thesis Βιβλίο
Γλώσσα:Greek
Δημοσίευση: 2017.
Θέματα:
Διαθέσιμο Online:http://hdl.handle.net/11610/17849
Ετικέτες: Προσθήκη ετικέτας
Δεν υπάρχουν, Καταχωρήστε ετικέτα πρώτοι!

MARC

LEADER 00000cam a2200000 a 4500
001 1/118833
008 190523s2017####gr | ||b |||0 ||gre||
040 |a GR-MyUa  |b gre  |c GR-MyUa  |e AACR2 
041 0 |a gre 
082 7 |a 616.926  |2 (23) 
100 1 |a Καρμίρη, Ναταλία. 
245 1 0 |a Ανάπτυξη ειδικής μεθοδολογίας PCR υψηλής ευαισθησίας και χαμηλού κόστους για την ανίχνευση του παθογόνου στελέχους O157:H7 (O157) της Escherichia coli σε τρόφιμα ευρείας κατανάλωσης :  |b πτυχιακή εργασία /   |c Καρμίρη Ναταλία ; επιβλέπων καθηγητής Κοντός Χρήστος 
260 |c 2017. 
300 |a 40 σ.;  |c 30 εκ. 
500 |a Τριμελής επιτροπή: Κοντός Χρήστος, Γιαγκίνης Κωνσταντίνος, Κουτελιδάκης Αντώνιος. 
502 |a Πτυχιακή εργασία – Πανεπιστήμιο Αιγαίου, Λήμνος, 2017. 
504 |a Βιβλιογραφία: σ. 38-40. 
520 8 |a Από όλους τους παρασιτικούς μικροοργανισμούς που υπάρχουν στην φύση, είναι μερικά είδη που μπορούν να προκαλέσουν σοβαρές βλάβες. Ένα από τα αυτά είναι και το στέλεχος O157:H7 του βακτηρίου Escherichia coli. Το συγκεκριμένο στέλεχος είναι πάρα πολύ επικίνδυνο, διότι παράγει τοξίνες που μπορούν να προκαλέσουν αιμορραγική κολίτιδα, ενώ σε άτομα που ανήκουν σε ομάδες υψηλού κινδύνου (που βρίσκονται δηλαδή σε ανοσοκαταστολή, όπως είναι μικρά παιδιά και ηλικιωμένοι), μπορεί να δημιουργήσει επιπλοκές μια από τις οποίες, είναι η πρόκληση αιμολυτικού ουραιμικού συνδρόμου στον ξενιστή, που είναι εξαιρετικά επικίνδυνο. Δεδομένου ότι οι τρόποι αντιμετώπισης της μόλυνσης περιορίζονται σε χορήγηση ουσιών για την αντιμετώπιση των συμπτωμάτων, τα οποία υποχωρούν μόνα τους μετά από μερικές ημέρες, ενώ τα θέματα υγείας που μπορεί να προκαλέσει είναι αρκετά σοβαρά, τίθεται ζήτημα πρόληψης των μολύνσεων στα τρόφιμα. Αυτή είναι και η προσπάθεια που παρατίθεται εδώ, να βρεθεί μια μέθοδος με μεγάλη ευαισθησία, ώστε να γίνεται αντιληπτή η μόλυνση των τροφίμων όσο το δυνατόν νωρίτερα και να αποφεύγεται η αγορά μολυσμένων τροφίμων, από τον καταναλωτή. Η προσπάθεια αυτή βασίστηκε στην μέθοδο της PCR και σε δυνατές επεμβάσεις στην φάση της υβριδοποίησης των εκκινητών στο DNA, ώστε να καταστεί περισσότερο ευαίσθητη μέθοδος από αυτήν της συνήθους μεθόδου PCR. 
650 0 |a Dissertations, Academic  |z Greece. 
650 0 |a Escherichia coli  |x Biotechnology. 
650 0 |a Escherichia coli infections. 
650 0 |a Enterobacteriaceae. 
650 0 |a Bacteria. 
700 1 |a Κοντός, Χρήστος,  |e dgs 
710 2 |a Πανεπιστήμιο Αιγαίου.   |b Σχολή Περιβάλλοντος.   |b Τμήμα Επιστήμης Τροφίμων και Διατροφής. 
852 |a INST  |b LEMNOS  |c DIATR  |e 20190523  |h 616.926 ΚΑΡ  |p 005600002559  |q 005600002559  |t DIE  |y 23 
856 |u http://hdl.handle.net/11610/17849 
924 |a Καρμίρη  |b Ναταλία  |y Λήμνος  |z 2017-03 
970 |a Ξενιτοπούλου   |b Κωνσταντία  |z 23/05/2019